000 00487nam a2200181Ia 4500
001 16726
005 20260306170332.0
008 260306t2021||||xx |||||||||||||| ||und||
041 _aESP
082 _a349.71
_bG67
100 _aGonzales Jauregui, Yobani Maikel
_eAUT
245 0 _aLegislación canónica y matrimonios de esclavizados en la América colonial
260 _c2021
300 _a500 páginas :
_c21 cm.
650 _aGEN
654 _aCDE
942 _cLIB
_dJUS
_fJUS
_2ddc
_n
999 _c16726
_d16726